Les soies artificielles Technologie chimique et physique

Na minha lista:
Detalhes bibliográficos
Autor principal: H de Leeaw
Formato: Livro
Idioma:Undetermined
Publicado em: Paris Ch. Béranger 1932
Assuntos:
Tags: Adicionar Tag
Sem tags, seja o primeiro a adicionar uma tag!
Thư viện lưu trữ: Trung tâm Học liệu Trường Đại học Cần Thơ
LEADER 00522nam a2200193Ia 4500
001 CTU_11776
008 210402s9999 xx 000 0 und d
082 |a 677.46 
082 |b L477 
100 |a H de Leeaw 
245 0 |a Les soies artificielles 
245 0 |b Technologie chimique et physique 
245 0 |c H de Leeaw 
260 |a Paris 
260 |b Ch. Béranger 
260 |c 1932 
650 |a textile fibers,textile industry 
904 |i Minh, 961102 
980 |a Trung tâm Học liệu Trường Đại học Cần Thơ